MARC

LEADER 00000nam0a2200000 4500
001 58433
005 20231031055050.0
010 |a 5818303810 
035 |a (RuTPU)RU\TPU\book\61716 
090 |a 58433 
100 |a 20031202d2002 m y0rusy50 ca 
101 0 |a rus 
102 |a RU 
105 |a y j 001zy 
200 1 |a Практическая логика  |e учебное пособие  |f А. А. Ивин 
210 |a Москва  |c ФАИР-ПРЕСС  |d 2002 
215 |a 281 с. 
320 |a Библиография в конце глав. 
610 1 |a логика 
610 1 |a теория 
610 1 |a законы 
610 1 |a неклассическая логика 
610 1 |a доказательство 
610 1 |a опровержения 
610 1 |a определение 
610 1 |a классификация 
610 1 |a индукция 
610 1 |a софизмы 
610 1 |a парадоксы 
610 1 |a спор 
610 1 |a учебные пособия 
686 |a Ю4я73  |v LBC/SL-A  |2 rubbk 
700 1 |a Ивин  |b А. А.  |g Александр Архипович 
801 1 |a RU  |b 63413507  |c 20031202  |g PSBO 
801 2 |a RU  |b 63413507  |c 20070619  |g PSBO 
900 |a Логика и теория аргументации 
942 |c BK